000 00789nam a2200265 i 4500
001 67584
003 ES-MaACL
005 20230906170116.0
007 t|
008 040604s2004 sp ||||1| spa d
020 _a84-95440-56-3
080 _a929 Juan Pablo II, Papa
080 _a239:282
100 1 _aYnfante, Jesús.
_9117650
245 1 3 _aLa cara oculta del Vaticano /
_cJesús Ynfante.
260 _aTres Cantos (Madrid) :
_bFoca,
_c[2004]
300 _a351 p. ;
_c22 cm.
490 1 _aFoca investigación ;
_v39
500 _aIndice.
600 0 4 _aJuan Pablo
_bII
_cPapa, Santo.
_9162513
610 2 7 _aIglesia Católica-
_vObras de controversia.
_94654
830 0 _aFoca investigación ;
_v39
_9180472
852 _aES-MaACL
_jL-27829
_bR.133609
999 _c67584
_d67584